| 000 | 00391 a2200169 4500 | ||
|---|---|---|---|
| 001 | 066156 | ||
| 003 | OSt | ||
| 005 | 20210915122134.0 | ||
| 008 | |||
| 082 |
_a514 _bJ25T |
||
| 100 | 1 | _aJanich, Klaus | |
| 245 | 1 |
_aTopology _cby Klaus Janich |
|
| 260 |
_aNew York _bSpringer _c2006 |
||
| 300 | _a192p. | ||
| 690 | _aTopology; Mathematics | ||
| 942 |
_2ddc _cBK |
||
| 999 |
_c340 _d340 |
||